00983cam a2200277 a 4500001000500000005001700005020002700022040002300049050002200072082000800094100001500102245009700117246001800214260003600232300004700268505000800315520016700323521002900490521002000519650003600539650003400575650003400609650001500643650001300658650003400671334820240229095034.0 a0439443881 (lib. bdg.) aDLCcDLCdDLCbeng00aQA248.T365b 200300a5101 aTang, Greg10aMath-terpieces : cby Greg Tang ; illustrated by Greg Paprocki bThe art of poblem-solving /3 aMathterpieces aNew York :bScholastic , c2003 a31 pages : bcolor illustrations ;c26 cm. aK  aA series of rhymes about artists and their works introduces counting and grouping numbers, as well as such artistic styles as cubism, pointillism, and surrealism. a520 bKexile estimate  aK bRaz-Plus  0aSet theoryvJuvenile literature 0aCountingvJuvenile literature 0aArt in mathematical education 1aSet theory 1aCounting 1aArt appreciationvnon-fiction